Số đỏ: Tác phẩm và lời bình

সংরক্ষণ করুন:
গ্রন্থ-পঞ্জীর বিবরন
বিন্যাস: গ্রন্থ
প্রকাশিত: 2007
ট্যাগগুলো: ট্যাগ যুক্ত করুন
কোনো ট্যাগ নেই, প্রথমজন হিসাবে ট্যাগ করুন!
Thư viện lưu trữ: Mạng thư viện Đại học Đà Nẵng
LEADER 00453nam a22001811a 4500
001 000040974
003 17269
005 20160412023717.0
008 160412s2007 000
082 |a V(23)403-05 
245 |a Số đỏ: Tác phẩm và lời bình  |c Tôn Thất Miên 
260 |c 2007 
OWN |a LNN 
999 |a From the UDN01 
TYP |a Monograph 
980 |a Mạng thư viện Đại học Đà Nẵng